La ganadería de carne en Costa Rica: los marcos sociales de una economía extensiva /
Gorde:
| Egile nagusia: | |
|---|---|
| Formatua: | Tesis |
| Argitaratua: |
San Pedro de M. de O. :
|
| Gaiak: | |
| Etiketak: |
Etiketa erantsi
Etiketarik gabe, Izan zaitez lehena erregistro honi etiketa jartzen!
|
MARC
| LEADER | 00000 a a2200000 04500 | ||
|---|---|---|---|
| 001 | 18110 | ||
| 003 | |||
| 040 | |a CRAI/IIS |c CRAI/IIS | ||
| 090 | |a 02527.00 | ||
| 100 | |a Solís Avendaño, Manuel Antonio | ||
| 245 | |a La ganadería de carne en Costa Rica: |b los marcos sociales de una economía extensiva / |c Manuel Antonio Solís Avendaño | ||
| 260 | |a San Pedro de M. de O. : | ||
| 300 | |a 414 páginas | ||
| 300 | |b **no definido** | ||
| 502 | |a Tesis (Master Scientae Sociología Rural) -- Universidad de Costa Rica. Sistema de Estudios de Posgrado, 1981 | ||
| 650 | |a TENENCIA DE LA TIERRA | ||
| 650 | |a GANADERIA | ||
| 650 | |a CREDITO AGRICOLA | ||
| 650 | |a CARNE | ||
| 650 | |a EXPORTACIONES | ||
| 650 | |a USO DEL SUELO | ||
| 650 | |a BURGUESIA | ||
| 650 | |a GUANACASTE, CR | ||
| 999 | |c 18123 |d 18123 | ||
